عرض عادي
عرض مارك
- علم المكتبات
مدخل مصطلح موضوعي
001 - رقم الضبط
- حقل الضبط: 87794
003 - معرف رقم الضبط
- حقل الضبط: OSt
005 - تاريخ ووقت أخر عملية
- حقل الضبط: 20200929175528.0
008 - عناصر بيانات ثابتة الطول
- حقل تحكم ثابت الطول: 200929|| aca||aabn | a|a d
040 ## - مصدر الفهرسة
- هيئة الفهرسة الأصلية: OSt
- وكالة الكتابة: OSt
150 ## - مدخل-- مصطلح تاريخي
- عنصر مدخل المصطلح الموضوعي او الاسم الجغرافي: علم المكتبات
670 ## - بيانات المصدر موجوده
- الاستشهاد بالمصدر: Work cat.: (OSt)79282: محمد، رؤوف عبد السلام السيد مؤلف. 87792, دوريات المكتبات والمعلومات المتاحة /
